000 01130nam a2200217Ia 4500
999 _c39585
_d39585
001 6184
003 GE_BSU
005 20190701144719.0
008 181216s1983||||ge |||||||||||||| ||geo||
041 _ageo
080 _a621.91(076) გ-59
100 _aგოგიტიშვილი, რ.
_93127
245 _aმეთოდური მითითებანი საკურსო პროექტის შესადგენად ლითონსაჭრელ ჩარხებში /
_cრ. გოგიტიშვილი ; რედ. მ.ძიძიგური.
264 _aთბილისი :
_bსპი,
_c1983.
300 _a55 გვ.:
_c20 სმ.
504 _aბიბლიოგრ.:გვ.54
653 _aლითონსაჭრელი ჩარხები
653 _aმეთოდური მითითებანი საკურსო პროექტის შესადგენად ლითონსაჭრელ ჩარხებში
700 _aძიძიგური, მ
_eრედაქტორი
_9472
942 _cBK
_2udc